| 000 | 00722nam a2200253Ia 4500 | ||
|---|---|---|---|
| 001 | 22865 | ||
| 005 | 20240114000658.0 | ||
| 007 | ta | ||
| 008 | 060322s1972 g b100 u 465 u | ||
| 040 | _aCotton College,Assam | ||
| 041 | _a465 | ||
| 082 |
_a334.401 _bAs 71 Ma |
||
| 111 |
_aThe Indian Economic Conference _cDelhi ) _d(1971 : _eIndian Economic Association |
||
| 245 | 0 |
_aMarxian Economic Theory / _cThe Indian Economic Conference. _hTextual Documents |
|
| 250 | _a1st ed. / | ||
| 260 |
_aBombay : _bPopular Prakashan , _c1972. |
||
| 300 |
_axl,61p. ; _c23cm. |
||
| 653 | _aEconomics | ||
| 653 | _aG-Economics | ||
| 653 | _aMarxism | ||
| 942 |
_2ddc _cBK |
||
| 999 |
_c22847 _d22847 |
||